[Event "Olympiad Women-38"]
[Site "Dresden"]
[Date "2008.11.23"]
[Round "10"]
[White "Wilman, Carey"]
[Black "De Jager, Carmen"]
[Result "1/2-1/2"]
[WhiteElo "2037"]
[BlackElo "1800"]
[PlyCount "112"]
[EventDate "2008.11.13"]
[EventType "team-swiss"]
[EventRounds "11"]
[EventCountry "GER"]
[SourceTitle "CBM 128"]
[Source "ChessBase"]
[SourceDate "2009.01.28"]
[SourceVersion "1"]
[SourceVersionDate "2009.01.28"]
[SourceQuality "1"]
[WhiteTeam "Scotland (W)"]
[BlackTeam "South Africa (W)"]
[WhiteTeamCountry "SCO"]
[BlackTeamCountry "RSA"]

1. d4 d5 2. Bf4 c6 3. c3 Bf5 4. Nf3 e6 5. Nbd2 Qb6 6. Qb3 Nd7 7. Nh4 Be7 8. Nxf5 exf5 9. Nf3 Ngf6 10. e3 Ne4 11. h4 g6 12. Bd3 Ndf6 13. Be5 Rg8 14. Bxf6 Bxf6 15. Qxb6 axb6 16. a3 b5 17. Rc1 Ke7 18. Nd2 Rge8 19. Bxe4 fxe4 20. Nb3 Bg7 21. 0-0 f5 22. Na1 Kd6 23. Nc2 Bh6 24. g3 Re6 25. Kg2 Rg8 26. Rh1 Bf8 27. Kf1 h6 28. Ke2 Be7 29. Rh3 Rf8 30. Rch1 Ref6 31. R3h2 Kd7 32. Ke1 b6 33. Ke2 Ra8 34. Rd1 Kc7 35. Nb4 Bd6 36. Rf1 Re8 37. Rg1 Rf7 38. Rd1 Kb7 39. Rc1 Rc8 40. Rd1 Bc7 41. Rc1 Rd8 42. Rd1 Rfd7 43. Rhh1 Rf7 44. Rh2 Rdf8 45. Rdh1 Rg8 46. Rh3 Rgg7 47. Rg1 Bd6 48. Rhh1 g5 49. hxg5 hxg5 50. Rh6 Kc7 51. g4 f4 52. exf4 Rxf4 53. Nc2 Rgf7 54. Rg2 Rf3 55. Ne3 Bf4 56. Rh1 Kd7 1/2-1/2

[Event "Olympiad Women-38"]
[Site "Dresden"]
[Date "2008.11.15"]
[Round "3"]
[White "Wilman, Carey"]
[Black "Hoang, Thi Bao Tram"]
[Result "0-1"]
[WhiteElo "2037"]
[BlackElo "2250"]
[PlyCount "46"]
[EventDate "2008.11.13"]
[EventType "team-swiss"]
[EventRounds "11"]
[EventCountry "GER"]
[SourceTitle "CBM 128"]
[Source "ChessBase"]
[SourceDate "2009.01.28"]
[SourceVersion "1"]
[SourceVersionDate "2009.01.28"]
[SourceQuality "1"]
[WhiteTeam "Scotland (W)"]
[BlackTeam "Vietnam (W)"]
[WhiteTeamCountry "SCO"]
[BlackTeamCountry "VIE"]

1. d4 d5 2. Bf4 c5 3. e3 cxd4 4. Bb5+ Nc6 5. Bxc6+ bxc6 6. exd4 Qb6 7. b3 Nf6 8. Ne2 e6 9. 0-0 c5 10. Nbc3 Bd7 11. h3 cxd4 12. Nxd4 Rc8 13. Qd3 Be7 14. a4 0-0 15. Ncb5 a6 16. a5 Qc5 17. Nc7 Rxc7 18. Bxc7 Qxc7 19. Qxa6 e5 20. Qe2 Bc5 21. Nf3 e4 22. Nd2 Bxh3 23. gxh3 Qg3+ 0-1

[Event "Guernsey op 30th"]
[Site "Guernsey"]
[Date "2004.10.07"]
[Round "5"]
[White "Wilman, Carey"]
[Black "Ippel, Cornelius J"]
[Result "0-1"]
[WhiteElo "2049"]
[BlackElo "2068"]
[PlyCount "130"]
[EventDate "2004.10.03"]
[EventType "swiss"]
[EventRounds "7"]
[EventCountry "GCI"]
[SourceTitle "CBM 102 Extra"]
[Source "ChessBase"]
[SourceDate "2004.11.03"]
[SourceVersion "1"]
[SourceVersionDate "2004.11.03"]
[SourceQuality "1"]

1. d4 e6 2. c4 d5 3. Nc3 c6 4. e3 Nf6 5. Qc2 Bd6 6. Nf3 Nbd7 7. cxd5 exd5 8. Bd3 h6 9. Bd2 0-0 10. 0-0 Re8 11. Rac1 Nf8 12. h3 a6 13. a3 N8h7 14. Rfe1 Bd7 15. Qb3 Qc8 16. Bf1 g5 17. Na4 Bc7 18. Nc5 Rb8 19. Nxd7 Qxd7 20. Bc3 Ne4 21. Ne5 Qe6 22. f4 f6 23. Nd3 g4 24. hxg4 Qxg4 25. Nf2 Nxf2 26. Kxf2 f5 27. Qd1 Qh4+ 28. g3 Qh2+ 29. Kf3 Nf6 30. Qd2 Qh5+ 31. Kg2 Ng4 32. Kg1 Qg6 33. Bh3 Nf6 34. Qg2 h5 35. Re2 Kf7 36. Be1 Rg8 37. Qf1 Rbe8 38. b4 Ng4 39. Rc3 Nf6 40. Rg2 Re4 41. Kh1 Rge8 42. Re2 Bb6 43. Bg2 R4e6 44. Bf3 Ng4 45. Bd2 R8e7 46. Rd3 Qg7 47. Bxg4 hxg4 48. Rh2 Rh6 49. Qg2 Ree6 50. Rxh6 Rxh6+ 51. Kg1 Qf6 52. Be1 Bd8 53. Rb3 Qe6 54. Bd2 Kg6 55. Rb1 Qe7 56. Rb3 Bb6 57. Rd3 Rh3 58. Rb3 Qf6 59. Rd3 Ba7 60. Bc3 Qe6 61. Bd2 Qe4 62. Qxe4 fxe4 63. Rb3 Rxg3+ 64. Kh2 Rf3 65. Be1 Bxd4 0-1

[Event "EU-chT (Women)"]
[Site "Leon"]
[Date "2001.11.11"]
[Round "6.2"]
[White "Rogule, Laura"]
[Black "Wilman, Carey"]
[Result "1-0"]
[WhiteElo "2221"]
[BlackElo "2044"]
[PlyCount "87"]
[EventDate "2001.11.06"]
[EventType "team-swiss"]
[EventRounds "9"]
[EventCountry "ESP"]
[SourceTitle "EXT 2002"]
[Source "ChessBase"]
[SourceDate "2001.11.25"]
[SourceVersion "1"]
[SourceVersionDate "2001.11.25"]
[SourceQuality "1"]
[WhiteTeam "Latvia (W)"]
[BlackTeam "Scotland (W)"]
[WhiteTeamCountry "LAT"]
[BlackTeamCountry "SCO"]

1. c4 c5 2. Nc3 b6 3. e4 Bb7 4. g3 Nc6 5. Bg2 g6 6. Nge2 Bg7 7. f4 Nd4 8. d3 d6 9. Be3 Nxe2 10. Qxe2 e6 11. Rd1 Ne7 12. d4 Qb8 13. 0-0 0-0 14. dxc5 dxc5 15. Nb5 Bc6 16. Nd6 Nc8 17. e5 Bxg2 18. Qxg2 Nxd6 19. Rxd6 Qc7 20. Rfd1 Rfd8 21. Qd2 Rxd6 22. exd6 Qd7 23. b4 cxb4 24. Qxb4 Bf6 25. c5 Bd8 26. Rc1 bxc5 27. Bxc5 Rc8 28. Rb1 a5 29. Qd4 Qc6 30. Ba3 Qc2 31. Rc1 Qxc1+ 32. Bxc1 Rxc1+ 33. Kg2 Rc2+ 34. Kf3 Rc6 35. a4 Bb6 36. Qe5 Bd8 37. g4 Rc4 38. Qb5 Rc3+ 39. Kg2 Kf8 40. Qb2 Bf6 41. Qb8+ Kg7 42. g5 Rc2+ 43. Kf3 Rc3+ 44. Ke2 1-0

[Event "EU-chT (Women)"]
[Site "Leon"]
[Date "2001.11.07"]
[Round "2.2"]
[White "Johansson, Viktoria"]
[Black "Wilman, Carey"]
[Result "1-0"]
[WhiteElo "2190"]
[BlackElo "2044"]
[PlyCount "93"]
[EventDate "2001.11.06"]
[EventType "team-swiss"]
[EventRounds "9"]
[EventCountry "ESP"]
[SourceTitle "EXT 2002"]
[Source "ChessBase"]
[SourceDate "2001.11.25"]
[SourceVersion "1"]
[SourceVersionDate "2001.11.25"]
[SourceQuality "1"]
[WhiteTeam "Sweden (W)"]
[BlackTeam "Scotland (W)"]
[WhiteTeamCountry "SWE"]
[BlackTeamCountry "SCO"]

1. d4 Nf6 2. c4 c5 3. d5 b5 4. cxb5 a6 5. b6 d6 6. Nc3 Qxb6 7. a4 g6 8. a5 Qb4 9. Ra4 Qb7 10. e4 Bg7 11. Nf3 Bg4 12. Be2 Bxf3 13. Bxf3 Nbd7 14. 0-0 0-0 15. Kh1 Ne8 16. Bg4 Ndf6 17. Be2 Nd7 18. f4 Nc7 19. Bc4 Nb5 20. Ne2 Qc7 21. Qd3 Qb7 22. b3 Rfb8 23. Ra2 Qc7 24. Bd2 Ra7 25. Be1 Rab7 26. Bg3 Qd8 27. Qe3 Qc7 28. Qf3 Rf8 29. Bh4 f5 30. exf5 Rxf5 31. Ng3 Rf7 32. Qd3 Nd4 33. Ne4 Nf6 34. Ng5 Rf8 35. Bf2 Ng4 36. Bxd4 Bxd4 37. Ne6 Qb8 38. Nxf8 Qxf8 39. Re2 Ra7 40. Qe4 Qf6 41. Qf3 Nh6 42. Re6 Qg7 43. g4 Nf7 44. Qe2 Nd8 45. Re4 Rb7 46. Bxa6 Ra7 47. Bc4 1-0

[Event "Hawick op"]
[Site "Hawick"]
[Date "2001.??.??"]
[Round "4"]
[White "Hopper, Paul"]
[Black "Wilman, Carey"]
[Result "1-0"]
[WhiteElo "2080"]
[BlackElo "2025"]
[PlyCount "121"]
[EventDate "2001.06.??"]
[EventType "swiss"]
[EventRounds "5"]
[EventCountry "SCO"]
[SourceTitle "EXT 2005"]
[Source "ChessBase"]
[SourceDate "2004.11.15"]
[SourceVersion "1"]
[SourceVersionDate "2004.11.15"]
[SourceQuality "1"]

1. e4 d6 2. d4 Nf6 3. Nc3 g6 4. Be3 c6 5. Qd2 Qa5 6. Bd3 Nbd7 7. Nf3 Bg7 8. 0-0 Ng4 9. Bg5 Qb6 10. h3 h6 11. Bh4 g5 12. Bg3 Ngf6 13. Ne2 Nh5 14. Bh2 e5 15. c3 Qc7 16. Rad1 Nf8 17. Bc4 Ng6 18. Ng3 Nhf4 19. Nf5 0-0 20. dxe5 Nxe5 21. Nxe5 dxe5 22. Nxg7 Kxg7 23. Bxf4 gxf4 24. Qd6 Qxd6 25. Rxd6 f5 26. Bd3 fxe4 27. Bxe4 Bf5 28. Bxf5 Rxf5 29. Rd7+ Rf7 30. Rfd1 Raf8 31. Kf1 Kg6 32. R1d6+ Kg7 33. Rxf7+ Rxf7 34. Re6 Rf5 35. Re7+ Rf7 36. Rxe5 Kf6 37. Re8 Kg5 38. Rg8+ Kf5 39. Ke2 Rd7 40. Re8 a5 41. Ra8 Rd5 42. a4 Ke4 43. Ra7 f3+ 44. gxf3+ Kf4 45. Rxb7 Re5+ 46. Kd3 Kxf3 47. Rf7+ Kg2 48. h4 Kh3 49. Rf4 Rd5+ 50. Kc4 Rd2 51. b4 axb4 52. cxb4 Ra2 53. a5 Rc2+ 54. Kd4 Rc1 55. h5 Rc2 56. Rf6 Kg4 57. Rxh6 Rxf2 58. Rxc6 Kxh5 59. a6 Ra2 60. b5 Kg5 61. Kc5 1-0

[Event "Olympiad Women-34"]
[Site "Istanbul"]
[Date "2000.10.30"]
[Round "3.3"]
[White "Moingt, Anne"]
[Black "Wilman, Carey"]
[Result "1-0"]
[WhiteElo "2135"]
[BlackElo "2066"]
[PlyCount "56"]
[EventDate "2000.10.28"]
[EventType "team-swiss"]
[EventRounds "14"]
[EventCountry "TUR"]
[SourceTitle "EXT 2001"]
[Source "ChessBase"]
[SourceDate "2000.11.22"]
[SourceVersion "1"]
[SourceVersionDate "2000.11.22"]
[SourceQuality "1"]
[WhiteTeam "France (W)"]
[BlackTeam "Scotland (W)"]
[WhiteTeamCountry "FRA"]
[BlackTeamCountry "SCO"]

1. e4 d6 2. d4 Nf6 3. Nc3 g6 4. f4 Bg7 5. a3 a5 6. Nf3 c6 7. Bd3 0-0 8. 0-0 b5 9. e5 dxe5 10. fxe5 Nd5 11. Ne4 f6 12. c3 Bg4 13. exf6 exf6 14. Qe1 Re8 15. Qh4 Bxf3 16. Rxf3 Nd7 17. Bh6 Qe7 18. Bd2 f5 19. Bg5 N7f6 20. Nc5 Qf7 21. a4 b4 22. Bc4 bxc3 23. bxc3 Ne4 24. Nxe4 Rxe4 25. Qf2 Rb8 26. Re1 Rxe1+ 27. Qxe1 h6 28. Bf4 Kh7 1-0

[Event "Oban op"]
[Site "Oban"]
[Date "2000.??.??"]
[Round "?"]
[White "Mannion, Stephen R"]
[Black "Wilman, Carey"]
[Result "1-0"]
[WhiteElo "2350"]
[BlackElo "2066"]
[PlyCount "87"]
[EventDate "2000.??.??"]
[EventType "swiss"]
[EventRounds "5"]
[EventCountry "SCO"]
[SourceTitle "EXT 2006"]
[Source "ChessBase"]
[SourceDate "2005.11.24"]
[SourceVersion "1"]
[SourceVersionDate "2005.11.24"]
[SourceQuality "1"]

1. e4 d6 2. d4 Nf6 3. Nc3 g6 4. f4 Bg7 5. Nf3 c5 6. Bb5+ Bd7 7. e5 Ng4 8. e6 Bxb5 9. exf7+ Kf8 10. Nxb5 Qa5+ 11. Nc3 Nc6 12. d5 Nd4 13. 0-0 Nh6 14. Ng5 Nxf7 15. Nce4 Qa4 16. Rf2 h6 17. Nxf7 Kxf7 18. Qd3 Qb5 19. c4 Qd7 20. Bd2 b5 21. Re1 bxc4 22. Qxc4 Rab8 23. b3 Qb5 24. Qc1 Qb7 25. Nc3 Bf6 26. Re4 Rh7 27. Qe1 Kg8 28. Rf1 Rg7 29. Qd1 Qd7 30. Rfe1 Re8 31. Kh1 Kh8 32. R4e3 Nf5 33. Rh3 Rh7 34. Ne4 Bg7 35. Qg4 Rg8 36. Qxg6 Bd4 37. Qh5 Ng7 38. Qf3 Qf5 39. g4 Qxd5 40. f5 h5 41. Ng5 Qxf3+ 42. Rxf3 Rf8 43. Nxh7 Kxh7 44. h3 1-0

[Event "Oban op"]
[Site "Oban"]
[Date "2000.??.??"]
[Round "?"]
[White "Wilman, Carey"]
[Black "Nolan, Graeme"]
[Result "1-0"]
[WhiteElo "2066"]
[BlackElo "2175"]
[PlyCount "47"]
[EventDate "2000.??.??"]
[EventType "swiss"]
[EventRounds "5"]
[EventCountry "SCO"]
[SourceTitle "EXT 2006"]
[Source "ChessBase"]
[SourceDate "2005.11.24"]
[SourceVersion "1"]
[SourceVersionDate "2005.11.24"]
[SourceQuality "1"]

1. d4 e6 2. c4 f5 3. Nc3 Nf6 4. Qc2 Bb4 5. Bg5 b6 6. Nf3 Bb7 7. a3 Bxc3+ 8. Qxc3 d6 9. Rc1 Nbd7 10. e3 Qe7 11. c5 bxc5 12. dxc5 Nxc5 13. Bxf6 Qxf6 14. Qxf6 gxf6 15. b4 Bxf3 16. gxf3 Nd7 17. Rxc7 Kd8 18. Rc6 Ne5 19. Rxd6+ Ke7 20. Rd1 Nxf3+ 21. Ke2 Nh4 22. Rd4 Ng6 23. Bg2 Rhd8 24. Bxa8 1-0

[Event "EU-chT (Women) 3rd"]
[Site "Batumi"]
[Date "1999.12.01"]
[Round "3.2"]
[White "Wilman, Carey"]
[Black "Jelica, Mara"]
[Result "1-0"]
[WhiteElo "2070"]
[BlackElo "2213"]
[PlyCount "103"]
[EventDate "1999.11.06"]
[EventType "team-swiss"]
[EventRounds "9"]
[EventCountry "GEO"]
[SourceTitle "CBM 073 Extra"]
[Source "ChessBase"]
[SourceDate "2000.01.11"]
[SourceVersion "1"]
[SourceVersionDate "2000.01.11"]
[SourceQuality "1"]
[WhiteTeam "Scotland (W)"]
[BlackTeam "Croatia (W)"]
[WhiteTeamCountry "SCO"]
[BlackTeamCountry "CRO"]

1. d4 g6 2. Nf3 Bg7 3. e4 c5 4. d5 d6 5. Nc3 Nf6 6. Be2 0-0 7. Bf4 Bd7 8. a4 Qb6 9. Ra3 Na6 10. 0-0 Nb4 11. Nd2 Ne8 12. h4 Qd8 13. Nc4 b6 14. h5 a6 15. Qc1 gxh5 16. Bxh5 b5 17. axb5 Bxb5 18. Nxb5 axb5 19. Rxa8 Qxa8 20. Na3 Qb7 21. Bh6 Na6 22. Qg5 Kh8 23. f4 Rg8 24. Bxg7+ Rxg7 25. Qh4 c4 26. Qf2 Nc5 27. Qd4 Kg8 28. e5 Ne6 29. Qd2 N6c7 30. Bf3 Qb6+ 31. Qf2 Qxf2+ 32. Kxf2 dxe5 33. fxe5 Rg5 34. Re1 Kg7 35. Nb1 f6 36. d6 exd6 37. exd6 Nxd6 38. Re7+ Kg6 39. Rxc7 Re5 40. Nd2 Nf7 41. Ne4 Ng5 42. Nxg5 fxg5 43. Rc6+ Kf7 44. Kg3 Kg7 45. Rd6 c3 46. b3 Re1 47. Rd5 Kf6 48. Rxb5 h5 49. Bxh5 Rc1 50. Rb6+ Ke5 51. Bg6 Kd5 52. Rf6 1-0

[Event "EU-chT (Women) 3rd"]
[Site "Batumi"]
[Date "1999.11.30"]
[Round "2.2"]
[White "Wilman, Carey"]
[Black "Sommer, Sonja"]
[Result "0-1"]
[WhiteElo "2070"]
[BlackElo "2056"]
[PlyCount "88"]
[EventDate "1999.11.06"]
[EventType "team-swiss"]
[EventRounds "9"]
[EventCountry "GEO"]
[SourceTitle "CBM 073 Extra"]
[Source "ChessBase"]
[SourceDate "2000.01.11"]
[SourceVersion "1"]
[SourceVersionDate "2000.01.11"]
[SourceQuality "1"]
[WhiteTeam "Scotland (W)"]
[BlackTeam "Austria (W)"]
[WhiteTeamCountry "SCO"]
[BlackTeamCountry "AUT"]

1. d4 d5 2. Bf4 Bf5 3. e3 c6 4. Bd3 Bxd3 5. cxd3 Qb6 6. Qc2 e6 7. Nf3 Nd7 8. 0-0 Ngf6 9. h3 Be7 10. Nbd2 0-0 11. e4 dxe4 12. dxe4 c5 13. dxc5 Qxc5 14. Qxc5 Nxc5 15. Bg5 Rfd8 16. e5 Nd5 17. Bxe7 Nxe7 18. Rac1 b6 19. Nc4 Nd3 20. Rb1 Ng6 21. a4 Rac8 22. b3 Rd5 23. Ne3 Rdc5 24. Rfd1 Ndxe5 25. Nxe5 Nxe5 26. f4 Ng6 27. f5 exf5 28. Nxf5 R5c7 29. Nd6 Rd8 30. Nb5 Rcd7 31. Rxd7 Rxd7 32. Rc1 h6 33. Rc8+ Kh7 34. Rc7 Rxc7 35. Nxc7 Ne5 36. Nb5 Nc6 37. Kf2 Kg6 38. Ke3 Kf5 39. Nd6+ Ke6 40. Nb5 Kd5 41. Kd3 f5 42. Nc7+ Ke5 43. g3 g5 44. Ke3 Nd4 0-1

[Event "Perth op"]
[Site "Perth"]
[Date "1999.??.??"]
[Round "1"]
[White "Mannion, Stephen R"]
[Black "Wilman, Carey"]
[Result "1-0"]
[WhiteElo "2346"]
[BlackElo "2070"]
[PlyCount "87"]
[EventDate "1999.10.01"]
[EventType "swiss"]
[EventRounds "5"]
[EventCountry "SCO"]
[SourceTitle "EXT 2001"]
[Source "ChessBase"]
[SourceDate "2000.11.22"]
[SourceVersion "1"]
[SourceVersionDate "2000.11.22"]
[SourceQuality "1"]

1. e4 d6 2. d4 Nf6 3. Nc3 g6 4. f4 Bg7 5. Nf3 0-0 6. Bd3 c6 7. 0-0 b5 8. a3 Qb6 9. Kh1 Nbd7 10. e5 dxe5 11. fxe5 Nd5 12. Nxd5 cxd5 13. Qe2 a6 14. c3 f6 15. exf6 exf6 16. Bf4 f5 17. Rae1 Nf6 18. Qc2 Be6 19. Be5 Ne4 20. Re2 Ra7 21. Qc1 a5 22. Qe1 Rb7 23. Bxg7 Kxg7 24. Qh4 Qd8 25. Qf4 Qf6 26. Ne5 g5 27. Qf3 g4 28. Qf4 h5 29. Nc6 Bd7 30. Nxa5 Ra7 31. Nb3 h4 32. Bxe4 dxe4 33. Nc5 Bc8 34. d5 Raf7 35. Rd1 Qh6 36. Qe5+ Kh7 37. d6 g3 38. d7 Bxd7 39. Nxd7 Rd8 40. Red2 h3 41. Qxg3 hxg2+ 42. Rxg2 f4 43. Qg4 Re8 44. Rd6 1-0

[Event "Perth op"]
[Site "Perth"]
[Date "1999.??.??"]
[Round "2"]
[White "Wilman, Carey"]
[Black "Fixter, Nancy"]
[Result "1-0"]
[WhiteElo "2070"]
[BlackElo "2005"]
[PlyCount "49"]
[EventDate "1999.10.01"]
[EventType "swiss"]
[EventRounds "5"]
[EventCountry "SCO"]
[SourceTitle "EXT 2001"]
[Source "ChessBase"]
[SourceDate "2000.11.22"]
[SourceVersion "1"]
[SourceVersionDate "2000.11.22"]
[SourceQuality "1"]

1. d4 Nf6 2. Bg5 Ne4 3. Bh4 g5 4. f3 gxh4 5. fxe4 c5 6. d5 Qb6 7. Nd2 Qxb2 8. Rb1 Qf6 9. Ngf3 d6 10. e3 Bh6 11. Bb5+ Kf8 12. 0-0 Bxe3+ 13. Kh1 h3 14. g3 Bg4 15. Rb3 Bg5 16. Be2 Bc8 17. e5 dxe5 18. Ne4 Qg6 19. Nfxg5 Bf5 20. Rxf5 Qxf5 21. Bg4 Qg6 22. Bh5 Qg7 23. Bxf7 Qh6 24. Rf3 Kg7 25. Ne6+ 1-0